000 00761nam a22002537a 4500
005 20170123162304.0
010 _aA-420162
020 _c00.00
035 _aA-420162
037 _bCen Lib/Ret
040 _aDPL
_bUR
082 _a799.2
_bن و ک
100 _aنقوی، قمر
_9108271
245 _aشکار بیتی /
_cقمر نقوی
246 _aShikar beetee /
_bby Qamar Naqvi
260 _aلاہور
_bمقبول اکادمی
270 _bلاہور
_a199 سرکار روڈ چوک انارکلی
300 _a282p.
_c19cm(Hb)
650 _aاردو ادب
_9108272
650 _a جنگلات
_9108273
650 _aUrdu litarature
_9108274
650 _aForestry
_9553
942 _2ddc
_cUR
_h799.2
_mن و ک
999 _c106155
_d106155